[Event "Mechanics' Summer TNM; 30/90, SD/30"]
[Site "San Francisco"]
[Date "2010.07.06"]
[Round "7.14"]
[White "Dembling, Arthur"]
[Black "Woebcke, Carl"]
[Result "1-0"]
[WhiteElo "1785"]
[BlackElo "1654"]
[PlyCount "91"]
[EventDate "2010.??.??"]

1. e4 c5 2. Nf3 d6 3. Bb5+ Bd7 4. Bxd7+ Qxd7 5. O-O Nc6 6. c3 g6 7. d4 cxd4 8.
cxd4 Bg7 9. Nc3 Nh6 10. Bf4 O-O 11. Qd2 Ng4 12. h3 Nf6 13. Bh6 e5 14. Rad1 Nxd4
15. Nxd4 exd4 16. Qxd4 Bxh6 17. Qxf6 Rad8 18. Rd3 Bg7 19. Qf4 Be5 20. Qd2 Rfe8
21. Rd1 Bxc3 22. Qxc3 Qe6 23. f3 Qxa2 24. Rxd6 Rc8 25. Qd2 Qb3 26. Rc1 Rxc1+
27. Qxc1 Qb4 28. Rd7 Re7 29. Rxe7 Qxe7 30. Qc8+ Kg7 31. Qc3+ Qf6 32. e5 Qc6 33.
Qxc6 bxc6 34. Kf2 Kf8 35. Ke3 Ke7 36. Kd4 Kd7 37. f4 a5 38. g4 Ke6 39. Kc5 h5
40. Kxc6 g5 41. fxg5 hxg4 42. hxg4 Kxe5 43. Kb5 Kf4 44. Kxa5 Kxg5 45. b4 Kxg4
46. b5 1-0

[Event "Mechanics' Summer TNM; 30/90, SD/30"]
[Site "San Francisco"]
[Date "2010.06.01"]
[Round "2.19"]
[White "Fleming, Mark"]
[Black "Campers, Willie"]
[Result "0-1"]
[WhiteElo "1416"]
[BlackElo "1709"]
[PlyCount "60"]
[EventDate "2010.??.??"]

1. d4 Nf6 2. c4 e6 3. Nc3 Bb4 4. Bd2 c5 5. Nf3 cxd4 6. Nxd4 Nc6 7. e3 a6 8. a3
Be7 9. Bd3 O-O 10. Qe2 Ne5 11. h3 b6 12. f4 Nxd3+ 13. Qxd3 Bb7 14. e4 d5 15.
cxd5 exd5 16. exd5 Nxd5 17. Nxd5 Qxd5 18. Rh2 Bf6 19. Bc3 Rfe8+ 20. Kd2 Rad8
21. g4 Bxd4 22. Kc2 Bxc3 23. Qxd5 Rxd5 24. Kxc3 Rc8+ 25. Kb3 Rd4 26. Ka2 Rxf4
27. Re2 Bd5+ 28. b3 Rf3 29. Rae1 Bxb3+ 30. Ka1 Be6 0-1

[Event "Mechanics' Summer TNM; 30/90, SD/30"]
[Site "San Francisco"]
[Date "2010.06.29"]
[Round "6.26"]
[White "Fleming, Mark"]
[Black "Knopf, Carol"]
[Result "1-0"]
[WhiteElo "1416"]
[BlackElo "836"]
[PlyCount "44"]
[EventDate "2010.??.??"]

1. d4 d5 2. c4 e6 3. Nc3 c6 4. e3 Nf6 5. Nf3 Nbd7 6. Bd3 Bb4 7. Bd2 Bxc3 8.
Bxc3 Rb8 9. h3 b5 10. cxb5 cxb5 11. b4 O-O 12. a4 a6 13. axb5 axb5 14. Qe2 Ne4
15. Ra3 Qb6 16. O-O Qc6 17. Rc1 Nxc3 18. Raxc3 Qb7 19. Ne5 Nxe5 20. dxe5 Qa6
21. Rc7 f6 22. Qh5 g6 1-0

[Event "Mechanics' Summer TNM; 30/90, SD/30"]
[Site "San Francisco"]
[Date "2010.07.13"]
[Round "8.3"]
[White "Fuentes, Romulo"]
[Black "Gaffagan, Steven"]
[Result "1/2-1/2"]
[WhiteElo "2237"]
[BlackElo "2024"]
[PlyCount "63"]
[EventDate "2010.??.??"]

1. e4 c5 2. Nf3 e6 3. d4 cxd4 4. Nxd4 a6 5. Nc3 Qc7 6. Bd3 Nf6 7. O-O Bc5 8.
Nb3 Be7 9. f4 d6 10. Be3 O-O 11. Qf3 Nc6 12. a4 b6 13. Nd2 Bb7 14. Qh3 Nb4 15.
Rac1 Rac8 16. Kh1 Nd7 17. Nf3 Qb8 18. Bd4 Nxd3 19. cxd3 Bf6 20. f5 e5 21. Be3
b5 22. g4 b4 23. Ne2 Rxc1 24. Bxc1 d5 25. g5 dxe4 26. dxe4 Bd8 27. Ng3 Nc5 28.
Qg4 Qa8 29. Re1 Nd3 30. Rf1 Nc5 31. Re1 Nd3 32. Rf1 1/2-1/2

[Event "Mechanics' Summer TNM; 30/90, SD/30"]
[Site "San Francisco"]
[Date "2010.06.29"]
[Round "6.2"]
[White "Fuentes, Romulo"]
[Black "Shakhnazarov, Oleg"]
[Result "1-0"]
[WhiteElo "2237"]
[BlackElo "2215"]
[PlyCount "101"]
[EventDate "2010.??.??"]

1. e4 e6 2. d4 Be7 3. Nc3 d5 4. Be3 dxe4 5. Nxe4 f5 6. Ng5 Nf6 7. Bc4 Qd6 8. c3
h6 9. N5f3 Nbd7 10. Ne2 g5 11. Qc2 Nb6 12. Bd3 Nbd5 13. Ne5 Rg8 14. a3 Nxe3 15.
fxe3 Nd5 16. Qd2 Bf6 17. c4 Ne7 18. c5 Qd8 19. Nc4 b5 20. Na5 c6 21. O-O-O Qc7
22. e4 g4 23. Kb1 Bg5 24. Qc3 Bd7 25. g3 O-O-O 26. a4 a6 27. axb5 axb5 28. Qa3
Be8 29. d5 exd5 30. Nd4 fxe4 31. Ne6 Qb8 32. Nxd8 exd3 33. Ndb7 Bg6 34. Nd6+
Kd7 35. Rhf1 d2+ 36. Ka1 Bc2 37. Qb4 Bxd1 38. Rxd1 h5 39. Nb3 Qa7+ 40. Kb1 Ra8
41. Nxd2 Bxd2 42. Rxd2 Qa1+ 43. Kc2 Ra4 44. Qc3 Qg1 45. Re2 Rd4 46. Rxe7+ Kxe7
47. Qxd4 Qxh2+ 48. Kb1 Qh1+ 49. Ka2 Qf3 50. Qe5+ Kf8 51. Nf5 1-0

[Event "Mechanics' Summer TNM; 30/90, SD/30"]
[Site "San Francisco"]
[Date "2010.06.01"]
[Round "2.2"]
[White "Fuentes, Romulo"]
[Black "Todortsev, Victor"]
[Result "1-0"]
[WhiteElo "2237"]
[BlackElo "1928"]
[PlyCount "47"]
[EventDate "2010.??.??"]

1. e4 e5 2. Nf3 Nc6 3. d4 exd4 4. Bc4 d6 5. Nxd4 Ne5 6. Be2 Nf6 7. Nc3 Be7 8.
O-O O-O 9. f4 Ng6 10. Qe1 d5 11. e5 Ne4 12. Nxe4 dxe4 13. Be3 c5 14. Nb5 a6 15.
Nc3 f5 16. Rd1 Qe8 17. Nd5 Rb8 18. Qc3 b6 19. b3 Bd8 20. a4 Ne7 21. a5 Nxd5 22.
Rxd5 Be6 23. Rd6 Bc7 24. Rxe6 1-0

[Event "Mechanics' Summer TNM; 30/90, SD/30"]
[Site "San Francisco"]
[Date "2010.06.01"]
[Round "2.8"]
[White "Gaffagan, Steven"]
[Black "Dembling, Arthur"]
[Result "1/2-1/2"]
[WhiteElo "2024"]
[BlackElo "1785"]
[PlyCount "69"]
[EventDate "2010.??.??"]

1. e4 e6 2. d4 d5 3. Nc3 Nf6 4. Bg5 Bb4 5. exd5 Qxd5 6. Bxf6 gxf6 7. Nf3 Nc6 8.
Qd3 Qa5 9. g3 Bxc3+ 10. bxc3 b6 11. Be2 Bb7 12. O-O O-O-O 13. Rfe1 h5 14. Nh4
Ne5 15. Qb5 Qxb5 16. Bxb5 Nf3+ 17. Nxf3 Bxf3 18. Ba6+ Kb8 19. Re3 Bd5 20. h4
Rhg8 21. Be2 Rh8 22. c4 Bb7 23. c3 f5 24. f4 Be4 25. Kf2 Kb7 26. Rd1 c6 27. a3
Rd7 28. a4 a6 29. a5 b5 30. c5 f6 31. Bf3 Bxf3 32. Kxf3 Re8 33. Rde1 Rde7 34.
R1e2 Kc7 35. Kf2 1/2-1/2

[Event "Mechanics' Summer TNM; 30/90, SD/30"]
[Site "San Francisco"]
[Date "2010.07.06"]
[Round "7.3"]
[White "Gaffagan, Steven"]
[Black "Jones, James"]
[Result "0-1"]
[WhiteElo "2024"]
[BlackElo "2099"]
[PlyCount "88"]
[EventDate "2010.??.??"]

1. c4 Nf6 2. Nc3 e5 3. g3 d5 4. cxd5 c6 5. dxc6 Nxc6 6. Bg2 Bc5 7. Nf3 e4 8.
Ng5 Bxf2+ 9. Kxf2 Ng4+ 10. Kg1 Qxg5 11. Nxe4 Qg6 12. Qb3 O-O 13. h3 Nge5 14.
Kh2 Be6 15. Qd1 f5 16. Nc5 f4 17. gxf4 Rxf4 18. Nxe6 Rf2 19. Rg1 Qxe6 20. Qb3
Qxb3 21. axb3 Rxe2 22. Kg3 Rd8 23. Rf1 Rd3+ 24. Kh2 Nf3+ 25. Kh1 Nh4 26. Rg1
Nxg2 27. Rxg2 Rxh3+ 28. Kg1 Re1+ 29. Kf2 Rhh1 30. Ra4 Rxc1 31. Re4 Rhf1+ 32.
Kg3 Rfe1 33. Rf4 Rg1 34. Rf5 Rxg2+ 35. Kxg2 Rc2 36. Rd5 Rxb2 37. Rd3 h5 38. Kh3
Kh7 39. Kh4 Kh6 40. Rd6+ g6 41. Rd3 Ne5 42. Rd5 Nf3+ 43. Kg3 Nxd2 44. Rb5 Rxb3+
0-1

[Event "Mechanics' Summer TNM; 30/90, SD/30"]
[Site "San Francisco"]
[Date "2010.06.22"]
[Round "5.6"]
[White "Gaffagan, Steven"]
[Black "Wheeler, Cameron"]
[Result "1/2-1/2"]
[WhiteElo "2024"]
[BlackElo "1850"]
[PlyCount "42"]
[EventDate "2010.??.??"]

1. e4 e6 2. d4 d5 3. Nd2 Nf6 4. e5 Nfd7 5. Bd3 c5 6. c3 Nc6 7. Ne2 Be7 8. O-O
O-O 9. Nf3 cxd4 10. cxd4 f6 11. exf6 Bxf6 12. Qc2 g6 13. Nf4 Re8 14. Bxg6 hxg6
15. Qxg6+ Kh8 16. Nh5 Rf8 17. Qh6+ Kg8 18. Bg5 Qe7 19. Qg6+ Kh8 20. Qh6+ Kg8
21. Qg6+ Kh8 1/2-1/2

[Event "Mechanics' Summer TNM; 30/90, SD/30"]
[Site "San Francisco"]
[Date "2010.07.13"]
[Round "8.4"]
[White "Grey, Peter"]
[Black "Afkham-Ebrahimi, Payam"]
[Result "1-0"]
[WhiteElo "2011"]
[BlackElo "1894"]
[PlyCount "69"]
[EventDate "2010.??.??"]

1. e4 c5 2. Nf3 d6 3. d4 cxd4 4. Nxd4 Nf6 5. Nc3 g6 6. Be3 Bg7 7. f3 a6 8. Qd2
Nc6 9. O-O-O Bd7 10. g4 b5 11. h4 Rc8 12. h5 Qa5 13. Nb3 Qc7 14. hxg6 fxg6 15.
g5 b4 16. Na4 Nh5 17. Nb6 Rb8 18. Nxd7 Qxd7 19. Nc5 Qc7 20. Nxa6 Qa5 21. Qd5
Rc8 22. Qxa5 Nxa5 23. Nxb4 O-O 24. Nd5 Rf7 25. Bh3 Rb8 26. Bd4 e5 27. Bc3 Ng3
28. Rh2 Rxf3 29. Bxa5 Nxe4 30. Be6+ Kf8 31. Bg4 Rf7 32. Be6 Rf3 33. Bc7 Ra8 34.
Nc3 Nxg5 35. Bxd6+ 1-0

[Event "Mechanics' Summer TNM; 30/90, SD/30"]
[Site "San Francisco"]
[Date "2010.06.01"]
[Round "2.12"]
[White "Grey, Peter"]
[Black "Chernobilskiy, Mikhail"]
[Result "1-0"]
[WhiteElo "2011"]
[BlackElo "1858"]
[PlyCount "83"]
[EventDate "2010.??.??"]

1. e4 e5 2. Nf3 Nc6 3. Bb5 a6 4. Ba4 Nf6 5. O-O Nxe4 6. d4 b5 7. Bb3 d5 8. dxe5
Be6 9. Qe2 Be7 10. Rd1 Na5 11. Nbd2 Nxd2 12. Bxd2 Nxb3 13. axb3 c5 14. Rxa6 c4
15. Rxa8 Qxa8 16. Nd4 Qa6 17. Qe1 O-O 18. Ra1 Qb6 19. Be3 Bc5 20. c3 Bxd4 21.
Bxd4 Qc6 22. b4 Ra8 23. Ra5 Bc8 24. Qa1 Rxa5 25. bxa5 Qg6 26. Kh1 Qc2 27. h3
Qa4 28. Qxa4 bxa4 29. f4 Kf8 30. g4 Ke7 31. Kg2 g6 32. Kg3 Ke8 33. Kh4 h6 34.
Kg3 Kd8 35. Be3 h5 36. gxh5 gxh5 37. Kh4 Bf5 38. a6 Kc7 39. a7 Kb7 40. Kxh5
Bxh3 41. Kg5 Bd7 42. Kf6 1-0

[Event "Mechanics' Summer TNM; 30/90, SD/30"]
[Site "San Francisco"]
[Date "2010.07.06"]
[Round "7.7"]
[White "Grey, Peter"]
[Black "Kleiman, Charles"]
[Result "1-0"]
[WhiteElo "2011"]
[BlackElo "1851"]
[PlyCount "107"]
[EventDate "2010.??.??"]

1. d4 Nf6 2. c4 e6 3. Nf3 d5 4. g3 c6 5. Bg2 Bb4+ 6. Bd2 Bxd2+ 7. Nbxd2 O-O 8.
O-O Qb6 9. Qc2 Nbd7 10. a3 a5 11. b3 g6 12. Qc3 Re8 13. e3 Qc7 14. Rfe1 b6 15.
e4 dxc4 16. bxc4 e5 17. dxe5 Nxe5 18. Nxe5 Qxe5 19. Qxe5 Rxe5 20. f4 Rc5 21. e5
Ne8 22. Rac1 Be6 23. Nf3 Rxc4 24. Rxc4 Bxc4 25. Nd4 Bd5 26. Nxc6 Bxg2 27. Kxg2
Nc7 28. Rd1 Kf8 29. Kf3 Ke8 30. Ke4 Rc8 31. Na7 Ra8 32. Nc6 Rc8 33. Rb1 Nb5 34.
Rxb5 Rxc6 35. Kd5 Kd7 36. g4 Kc7 37. f5 Kd7 38. Rb3 gxf5 39. gxf5 Rc5+ 40. Kd4
Rc6 41. a4 Rh6 42. Kd5 Rc6 43. Rh3 h6 44. Kd4 Ke7 45. Rc3 Kd7 46. Rxc6 Kxc6 47.
Kc4 h5 48. h4 Kd7 49. Kb5 Kc7 50. e6 fxe6 51. fxe6 Kd6 52. Kxb6 Kxe6 53. Kxa5
Kd7 54. Kb6 1-0

[Event "Mechanics' Summer TNM; 30/90, SD/30"]
[Site "San Francisco"]
[Date "2010.06.15"]
[Round "4.12"]
[White "Grey, Peter"]
[Black "Newey, Richard"]
[Result "1-0"]
[WhiteElo "2011"]
[BlackElo "1752"]
[PlyCount "29"]
[EventDate "2010.??.??"]

1. e4 c5 2. Nf3 e6 3. d4 cxd4 4. Nxd4 a6 5. Nc3 Qc7 6. Bd3 Bb4 7. Bd2 Nf6 8.
O-O Nc6 9. Nxc6 bxc6 10. Qe2 d5 11. e5 Nd7 12. Nxd5 cxd5 13. Bxb4 Qxe5 14. Qd2
Qc7 15. Qg5 1-0

[Event "Mechanics' Summer TNM; 30/90, SD/30"]
[Site "San Francisco"]
[Date "2010.07.06"]
[Round "7.17"]
[White "Hilliard, Michael"]
[Black "Abraham, Renjish"]
[Result "0-1"]
[WhiteElo "1422"]
[BlackElo "1695"]
[PlyCount "58"]
[EventDate "2010.??.??"]

1. d4 Nf6 2. Bg5 g6 3. Bxf6 exf6 4. e4 Bg7 5. Nf3 O-O 6. c4 Re8 7. Nc3 f5 8. e5
d6 9. Be2 dxe5 10. dxe5 Qxd1+ 11. Rxd1 c6 12. O-O Nd7 13. Rd3 Nxe5 14. Re3
Nxf3+ 15. Rxf3 Bxc3 16. Rxc3 Rxe2 17. Rd3 Be6 18. b3 Rxa2 19. Rfd1 Rb2 20. f4
a5 21. Rc3 a4 22. Ra1 a3 23. h3 a2 24. Rcc1 Rxb3 25. Kh2 Rb4 26. Rc2 Bxc4 27.
Rd2 Bd5 28. Re2 Rb1 29. Rexa2 Bxa2 0-1

[Event "Mechanics' Summer TNM; 30/90, SD/30"]
[Site "San Francisco"]
[Date "2010.06.15"]
[Round "4.19"]
[White "Hilliard, Michael"]
[Black "Campers, Willie"]
[Result "1-0"]
[WhiteElo "1422"]
[BlackElo "1709"]
[PlyCount "65"]
[EventDate "2010.??.??"]

1. d4 Nf6 2. Bg5 d5 3. Bxf6 exf6 4. e3 Bd6 5. c4 c6 6. Nc3 Bb4 7. a3 Ba5 8. b4
Bb6 9. Nf3 a5 10. Bd3 Bg4 11. b5 O-O 12. O-O Kh8 13. Na4 Bc7 14. Nc5 Qc8 15. e4
b6 16. Nb3 Qe6 17. cxd5 cxd5 18. Re1 Nd7 19. exd5 Qd6 20. Nbd2 Rae8 21. Qc2 Bh5
22. Qc6 Bg6 23. Bxg6 fxg6 24. Nc4 Qxc6 25. dxc6 Nb8 26. Rxe8 Rxe8 27. d5 Rd8
28. Rd1 (28. d6 Bxd6 29. Nxd6 Rxd6 30. c7) 28... Kg8 29. d6 Kf8 30. d7 (30. Kf1
) 30... g5 31. Re1 h6 32. Nd4 Nxd7 33. Ne6+ 1-0

[Event "Mechanics' Summer TNM; 30/90, SD/30"]
[Site "San Francisco"]
[Date "2010.05.25"]
[Round "2"]
[White "Hilliard, Michael"]
[Black "Shnaiderman, Lazar"]
[Result "0-1"]
[WhiteElo "1422"]
[BlackElo "1878"]
[PlyCount "76"]
[EventDate "2010.??.??"]

1. d4 Nf6 2. Bg5 e6 3. e4 h6 4. Bxf6 Qxf6 5. Nf3 d6 6. Bd3 e5 7. c3 g6 8. Nbd2
Bg7 9. dxe5 dxe5 10. O-O O-O 11. Qb3 Nc6 12. Rad1 Nd8 13. a3 Ne6 14. Nc4 Nc5
15. Qc2 Nxd3 16. Rxd3 Qe7 17. Rfd1 Bg4 18. h3 Bxf3 19. Rxf3 Rfd8 20. Rfd3 b6
21. Qd2 Rxd3 22. Qxd3 Bf6 23. Ne3 Bg5 24. Nd5 Qd6 25. Qf3 Rd8 26. Ne3 Qe7 27.
g3 Bxe3 28. Rxd8+ Qxd8 29. fxe3 Qd2 30. Qf2 Qd3 31. Qf3 Qb1+ 32. Qf1 Qxb2 33.
Qc4 Qxa3 34. Qxc7 Qc5 35. Qd8+ Kg7 36. Qd3 a5 37. c4 a4 38. Kf1 Qb4 0-1

[Event "Mechanics' Summer TNM; 30/90, SD/30"]
[Site "San Francisco"]
[Date "2010.06.08"]
[Round "3.17"]
[White "Hilliard, Michael"]
[Black "Wheeler, Cameron"]
[Result "0-1"]
[WhiteElo "1422"]
[BlackElo "1850"]
[PlyCount "86"]
[EventDate "2010.??.??"]

1. d4 d5 2. Nf3 Bf5 3. e3 Nf6 4. c4 e6 5. Qb3 b6 6. cxd5 Nxd5 7. Ne5 Nb4 8. Nd3
Nxd3+ 9. Bxd3 Bxd3 10. Qxd3 Bd6 11. Nd2 Nd7 12. Nf3 O-O 13. O-O c5 14. Rd1 Bc7
15. b3 Qe7 16. Bb2 Rfd8 17. Rac1 Nf6 18. Qc2 Bd6 19. e4 Bf4 20. Rb1 Rac8 21.
Qe2 cxd4 22. e5 Nd5 23. Rxd4 Bh6 24. Rbd1 Rd7 25. Rc4 Rcd8 26. Re1 Nf4 27. Qc2
Nd3 28. Rf1 Nxb2 29. Qxb2 g6 30. Qe2 Rd5 31. Rh4 Bg7 32. g3 Qc7 33. Re1 Rc5 34.
Rc4 Rdd5 35. Rxc5 Rxc5 36. a3 h6 37. h4 Rc2 38. Qb5 Rc3 39. Qe8+ Kh7 40. Rd1
Rxf3 41. Rd8 h5 42. Rd7 Qxe5 43. Kg2 Qe2 0-1

[Event "Mechanics' Summer TNM; 30/90, SD/30"]
[Site "San Francisco"]
[Date "2010.05.25"]
[Round "2"]
[White "Jones, James"]
[Black "Chalissery, Jossy"]
[Result "1-0"]
[WhiteElo "2099"]
[BlackElo "1689"]
[PlyCount "91"]
[EventDate "2010.??.??"]

1. e4 d5 2. d4 e6 3. e5 c5 4. Qg4 cxd4 5. Bd3 Nc6 6. Nf3 g6 7. O-O Bg7 8. Re1
Nge7 9. c3 dxc3 10. Nxc3 a6 11. Bg5 O-O 12. Qh4 Re8 13. a3 Bd7 14. b4 b5 15.
Rac1 Rc8 16. a4 bxa4 17. Bxa6 Ra8 18. Bb7 Ra7 19. Bxc6 Bxc6 20. b5 Bd7 21. Nd4
Rc7 22. h3 Rc4 23. Na2 Rxc1 24. Nxc1 h6 25. Bxe7 Rxe7 26. Nd3 g5 27. Qg4 Qb6
28. Rb1 Be8 29. h4 f6 30. Nb4 f5 31. Qd1 Rc7 32. Nbc6 Bd7 33. Qxa4 Bxc6 34.
Nxc6 Kh7 35. Qa8 Qb7 36. Qe8 Qc8 37. Qh5 g4 38. g3 Qh8 39. Nd4 Re7 40. Nxe6
Rxe6 41. Qxf5+ Rg6 42. h5 Qe8 43. b6 Qe6 44. Qxg6+ Qxg6 45. hxg6+ Kxg6 46. Re1
1-0

[Event "Mechanics' Summer TNM; 30/90, SD/30"]
[Site "San Francisco"]
[Date "2010.06.29"]
[Round "6.5"]
[White "Jones, James"]
[Black "Kleiman, Charles"]
[Result "1-0"]
[WhiteElo "2099"]
[BlackElo "1851"]
[PlyCount "53"]
[EventDate "2010.??.??"]

1. e4 d5 2. d4 dxe4 3. Nc3 Nf6 4. f3 exf3 5. Qxf3 c6 6. Be3 Bg4 7. Qg3 e6 8.
Nf3 Bd6 9. Ne5 h5 10. Bd3 Qc7 11. h3 h4 12. Qf4 Bf5 13. Bxf5 exf5 14. O-O-O g6
15. Rhe1 Nbd7 16. Bf2 O-O-O 17. Bxh4 Rde8 18. Bxf6 Nxf6 19. Qg5 Nh5 20. g4 fxg4
21. hxg4 Ng7 22. Qf6 Bxe5 23. Rxe5 Ne6 24. d5 Nd8 25. d6 Qd7 26. Re7 Rxe7 27.
dxe7 1-0

[Event "Mechanics' Summer TNM; 30/90, SD/30"]
[Site "San Francisco"]
[Date "2010.07.13"]
[Round "8.1"]
[White "Jones, James"]
[Black "Lopez, Jorge"]
[Result "0-1"]
[WhiteElo "2099"]
[BlackElo "2125"]
[PlyCount "117"]
[EventDate "2010.??.??"]

1. e4 d5 2. d4 dxe4 3. Nc3 Nf6 4. f3 Bf5 5. fxe4 Nxe4 6. Qf3 Nd6 7. Bf4 Qc8 8.
Bxd6 exd6 9. Bc4 c6 10. Bxf7+ Kxf7 11. g4 g6 12. Nge2 Bg7 13. Rf1 Rf8 14. gxf5
Kg8 15. Qg3 Rxf5 16. Rxf5 Qxf5 17. Qxd6 Nd7 18. O-O-O Nb6 19. Ng3 Qg5+ 20. Kb1
Rd8 21. Qe6+ Kh8 22. Nce4 Qd5 23. Qe7 Qd7 24. Qh4 Rf8 25. Nc5 Qf7 26. a3 Nc4
27. Nce4 Qd5 28. Nc3 Qd8 29. Qxd8 Rxd8 30. Nge2 h5 31. Nf4 Rxd4 32. Nxg6+ Kh7
33. Nf8+ Kh6 34. Ne6 Rd2 35. Rg1 Bxc3 36. bxc3 Rxh2 37. a4 h4 38. Nd8 h3 39.
Nf7+ Kh5 40. Ng5 a5 41. Ka2 Nb6 42. Kb3 Nd5 43. Ne6 Rg2 44. Rf1 Rg3 45. Rf7 Re3
46. Nd4 Rxc3+ 47. Kb2 Rc4 48. Nf3 Rxa4 49. Rh7+ Kg4 50. Rh4+ Kxf3 51. Rxa4 h2
52. Rh4 Kg3 53. Rh7 Nf4 54. Rg7+ Kf2 55. Rh7 Kg1 56. Rg7+ Ng2 57. Rh7 h1=Q 58.
Rxh1+ Kxh1 59. c4 0-1

[Event "Mechanics' Summer TNM; 30/90, SD/30"]
[Site "San Francisco"]
[Date "2010.06.08"]
[Round "3.7"]
[White "Jones, James"]
[Black "Ramachandran, Jayakrishnan"]
[Result "1-0"]
[WhiteElo "2099"]
[BlackElo "1937"]
[PlyCount "55"]
[EventDate "2010.??.??"]

1. e4 e5 2. Bc4 Nc6 3. Nf3 Bc5 4. b4 Bxb4 5. c3 Ba5 6. Qb3 Qf6 7. d4 Nxd4 8.
Nxd4 exd4 9. O-O Bxc3 10. Nxc3 dxc3 11. e5 Qg6 12. Re1 Ne7 13. Ba3 a6 14. Qb4
Nc6 15. Qxc3 b5 16. Bd5 Bb7 17. Rac1 O-O-O 18. e6 fxe6 19. Rxe6 dxe6 20. Bxc6
Bxc6 21. Qxc6 Qf7 22. Qxa6+ Kb8 23. Qxb5+ Kc8 24. Qa6+ Kd7 25. Qc6+ Kc8 26.
Qa8+ Kd7 27. Rd1+ Ke8 28. Qxd8# 1-0

[Event "Mechanics' Summer TNM; 30/90, SD/30"]
[Site "San Francisco"]
[Date "2010.07.13"]
[Round "8.13"]
[White "Kleiman, Charles"]
[Black "Byambaa, Uyanga"]
[Result "1/2-1/2"]
[WhiteElo "1851"]
[BlackElo "1623"]
[PlyCount "120"]
[EventDate "2010.??.??"]

1. e4 c5 2. f4 d6 3. Nc3 Nc6 4. a4 g6 5. Bc4 Bg7 6. Nf3 Nf6 7. O-O O-O 8. d3
Qb6 9. h3 e6 10. Kh1 Nb4 11. g4 d5 12. Bb3 dxe4 13. dxe4 Qc6 14. Qe2 b6 15. Ne5
Qe8 16. Rd1 Bb7 17. g5 Nh5 18. Kh2 Bxe5 19. fxe5 Qb8 20. Rd6 Nc6 21. Be3 Nxe5
22. Rad1 Kg7 23. a5 Nc6 24. Kg1 Nxa5 25. Ba2 Qc8 26. Nb5 Ng3 27. Qg4 Nxe4 28.
Rd7 Bc6 29. Nxa7 Qb8 30. Nxc6 Nxc6 31. Bxe6 Qg3+ 32. Qxg3 Nxg3 33. Kg2 Nf5 34.
Bf4 Ra4 35. Bc1 Nfd4 36. Bd5 Nb8 37. Rb7 Ra1 38. Rf1 Nf5 39. Bf4 Ra4 40. Be5+
Kg8 41. Kh2 Na6 42. c3 c4 43. Bf4 Nc5 44. Rxb6 Nd3 45. Rb7 Ra2 46. Bxc4 Rxb2+
47. Rxb2 Nxb2 48. Bb5 Rc8 49. Re1 Rd8 50. Re8+ Rxe8 51. Bxe8 Nd3 52. Bc7 Kf8
53. Bb5 Nc5 54. Bb6 Ne6 55. Kg2 Nxg5 56. Bc5+ Ne7 57. c4 Ne6 58. Ba3 f5 59. Bd7
Kf7 60. Bd6 Nd8 {score ends here} 1/2-1/2

[Event "Mechanics' Summer TNM; 30/90, SD/30"]
[Site "San Francisco"]
[Date "2010.06.15"]
[Round "4.7"]
[White "Kleiman, Charles"]
[Black "Krasnov, Steven"]
[Result "1-0"]
[WhiteElo "1851"]
[BlackElo "1950"]
[PlyCount "53"]
[EventDate "2010.??.??"]

1. e4 c5 2. Nf3 Nc6 3. d4 cxd4 4. Nxd4 e6 5. c4 Nf6 6. Nc3 Qc7 7. Ndb5 Qb8 8.
g3 a6 9. Nd4 Qc7 10. Be3 Bb4 11. Bg2 O-O 12. Rc1 Ne5 13. b3 d5 14. exd5 exd5
15. O-O dxc4 16. Bf4 Re8 17. Nd5 Nxd5 18. Bxd5 Qd8 19. Bxc4 Bh3 20. Qh5 Bxf1
21. Bxe5 g6 22. Bxf7+ Kf8 23. Qh6+ Ke7 24. Qxh7 Rh8 25. Qxg6 Qf8 26. Nf5+ Kd8
27. Rd1+ 1-0

[Event "Mechanics' Summer TNM; 30/90, SD/30"]
[Site "San Francisco"]
[Date "2010.06.22"]
[Round "5.5"]
[White "Kleiman, Charles"]
[Black "Traub, Igor"]
[Result "1/2-1/2"]
[WhiteElo "1851"]
[BlackElo "2112"]
[PlyCount "70"]
[EventDate "2010.??.??"]

1. d4 d5 2. Bf4 c5 3. e3 Nc6 4. Nf3 Bg4 5. Be2 e6 6. O-O Bxf3 7. Bxf3 cxd4 8.
exd4 Qb6 9. Be3 Qxb2 10. Nd2 Nxd4 11. c4 Nxf3+ 12. Qxf3 Qf6 13. cxd5 Qxf3 14.
Nxf3 exd5 15. Rab1 b6 16. Rb5 Nf6 17. Bd4 Bc5 18. Re1+ Ne4 19. Bxc5 bxc5 20.
Rxc5 O-O 21. Rxd5 Nc3 22. Ra5 Rfd8 23. Kf1 Kf8 24. Rc1 Nd5 25. Rcc5 Nf4 26. Rc1
Rd7 27. g3 Ne6 28. Ne5 Rb7 29. Rc4 f6 30. Nd3 Rd8 31. Nc5 Nxc5 32. Raxc5 Rd2
33. Rc8+ Ke7 34. R8c7+ Rd7 35. Rxd7+ Kxd7 1/2-1/2

[Event "Mechanics' Summer TNM; 30/90, SD/30"]
[Site "?"]
[Date "2010.07.06"]
[Round "7.25"]
[White "Knopf, Carol"]
[Black "Miller, David"]
[Result "1/2-1/2"]
[WhiteElo "836"]
[BlackElo "1809"]
[PlyCount "59"]
[EventDate "2010.07.07"]

1. d4 d5 2. c4 e6 3. e3 Nf6 4. Nc3 c6 5. Bd2 a6 6. a4 Nbd7 7. Bd3 dxc4 8. Be4
Nxe4 9. Nxe4 b5 10. axb5 cxb5 11. Nf3 Bb7 12. Qc2 Nf6 13. Ba5 Qe7 14. Ned2 Bxf3
15. Nxf3 Qb7 16. O-O Bd6 17. Rfe1 Qe4 18. Qe2 O-O 19. h3 h6 20. Rad1 Rfc8 21.
Rc1 Nd5 22. Nd2 Qg6 23. Qf3 Bb4 24. Bxb4 Nxb4 25. Red1 Nd3 26. Rb1 Ra7 27. Ne4
a5 28. Nd6 Rb8 29. d5 Ra6 30. Qxf7+ 1/2-1/2

[Event "Mechanics' Summer TNM; 30/90, SD/30"]
[Site "San Francisco"]
[Date "2010.06.22"]
[Round "5.25"]
[White "Knopf, Carol"]
[Black "Rakonitz, David"]
[Result "0-1"]
[WhiteElo "836"]
[BlackElo "1374"]
[PlyCount "60"]
[EventDate "2010.??.??"]

1. d4 Nf6 2. c4 e6 3. Bd2 b6 4. Nf3 Bb7 5. e3 Ne4 6. Bd3 Be7 7. O-O O-O 8. Be1
d6 9. Qc2 f5 10. Nc3 d5 11. Qb3 c5 12. Ne5 Nxc3 13. Bxc3 Nc6 14. Nxc6 Bxc6 15.
Rad1 Qc7 16. Qc2 Bd6 17. f4 Rae8 18. Qf2 Qb7 19. Qg3 dxc4 20. dxc5 Bxc5 21.
Qxg7+ Qxg7 22. Bxg7 Kxg7 23. Bxc4 Bxe3+ 24. Kh1 Kf6 25. Rd3 Bc5 26. Rg3 Rg8 27.
Rd1 Rxg3 28. hxg3 Rg8 29. Kh2 Rg6 30. Kh3 Rh6# 0-1

[Event "Mechanics' Summer TNM; 30/90, SD/30"]
[Site "?"]
[Date "2010.06.15"]
[Round "4.27"]
[White "Kooken, Marianne"]
[Black "Knopf, Carol"]
[Result "1-0"]
[WhiteElo "1114"]
[BlackElo "836"]
[PlyCount "109"]
[EventDate "2010.07.07"]

1. c4 e5 2. Nc3 Bb4 3. d3 Nf6 4. Bd2 Bxc3 5. Bxc3 Nc6 6. g3 O-O 7. Bg2 d5 8.
cxd5 Nxd5 9. Bd2 Re8 10. e4 Ndb4 11. Ne2 Nxd3+ 12. Kf1 b6 13. Qb3 Ba6 14. Bf3
Qf6 15. Kg2 Rad8 16. Nc3 Ne7 17. Rad1 Nc5 18. Qc2 Bd3 19. Qc1 c6 20. Be3 Rd7
21. Bxc5 bxc5 22. Be2 c4 23. b3 Red8 24. bxc4 Bxe2 25. Nxe2 Qe6 26. Rxd7 Rxd7
27. Qc2 c5 28. Qa4 g6 29. Nc3 Rb7 30. Rd1 Kg7 31. Nb5 Nc6 32. Qa6 Rd7 33. Rd5
Re7 34. Rxc5 Nb4 35. Qxe6 Rxe6 36. Nxa7 Rf6 37. f3 Ra6 38. Nb5 Rxa2+ 39. Kh3
Nd3 40. Rd5 Nf2+ 41. Kh4 Ra6 42. g4 Rf6 43. Kg3 Nh3 44. Kxh3 Rxf3+ 45. Kg2 Re3
46. Rxe5 Re2+ 47. Kg3 Re3+ 48. Kf2 Rd3 49. c5 Rd2+ 50. Ke3 Rxh2 51. c6 Rc2 52.
Nd4 Rc4 53. Kd3 Rc1 54. Kd2 Rc4 55. Kd3 {and W won in a few more moves} 1-0

[Event "Mechanics' Summer TNM; 30/90, SD/30"]
[Site "San Francisco"]
[Date "2010.07.06"]
[Round "7.16"]
[White "Krasnov, Steven"]
[Black "Allen, Tom"]
[Result "1-0"]
[WhiteElo "1950"]
[BlackElo "1501"]
[PlyCount "71"]
[EventDate "2010.??.??"]

1. d4 d5 2. c4 e5 3. dxe5 d4 4. Nf3 Nc6 5. a3 Bg4 6. Bf4 Nge7 7. Nbd2 Ng6 8.
Bg3 Be7 9. h3 Be6 10. b4 a6 11. Qb3 b5 12. e3 dxe3 13. Qxe3 O-O 14. cxb5 axb5
15. Rc1 Qd5 16. Be2 Bd8 17. Rc5 Qd7 18. Bxb5 Bd5 19. Qc3 Re8 20. O-O Re6 21.
Rc1 Nge7 22. Nd4 Nxd4 23. Bxd7 Ne2+ 24. Kf1 Nxc3 25. Bxe6 fxe6 26. R5xc3 c6 27.
f3 Ng6 28. f4 Bb6 29. Nc4 Bc7 30. Ne3 Be4 31. Ke2 Ne7 32. b5 Bb6 33. Bh4 Bxe3
34. Kxe3 Nf5+ 35. Kxe4 Nxh4 36. bxc6 1-0